| 000 | 00474cam a2200181ua 4500 | ||
|---|---|---|---|
| 001 | 4107 | ||
| 008 | 111215n ii |||gr||||Z||||||asm | ||
| 040 | _cMAIN | ||
| 082 | _a891.4513 | ||
| 100 | 1 | _aGoswami, Trailokya Nath, | |
| 245 | 1 | 1 |
_aAdhunik gapla sahitya _cby Trailokya Nath Goswami |
| 250 | _a4th. | ||
| 260 |
_aGuwahati: _bBani Prakash pvt. ltd.,994. |
||
| 300 |
_a186p: _c23cm. |
||
| 653 | _aAssamese short stories | ||
| 653 | _aAdhunik gapla sahitya | ||
| 942 | _cBK | ||
| 999 |
_c3929 _d3929 |
||